Podpora zamestnávania a začleňovania znevýhodnených uchádzačov na slovenskom trhu práce diplomová práca

Salvato in:
Dettagli Bibliografici
Autore principale: Šramková, Dominika
Ente Autore: Národohospodárska fakulta EU. Katedra sociálneho rozvoja a práce
Altri autori: Rievajová, Eva
Natura: Libro
Lingua:slovacco
Pubblicazione: Bratislava 2015
Tags: Aggiungi Tag
Nessun Tag, puoi essere il primo ad aggiungerne!!

MARC

LEADER 00000nbm a2200000 4500
001 0205816
005 20161205104630.4
041 0 |a slo 
044 |a SK 
245 1 0 |a Podpora zamestnávania a začleňovania znevýhodnených uchádzačov na slovenskom trhu práce  |b diplomová práca  |c Dominika Šramková ; školiteľ: Eva Rievajová 
264 1 |a Bratislava  |c 2015 
300 |a 73 s. 
100 1 |a Šramková, Dominika 
700 1 |a Rievajová, Eva 
710 2 |a Národohospodárska fakulta EU. Katedra sociálneho rozvoja a práce